| 000 | 01015nac a22003137a 4500 | ||
|---|---|---|---|
| 001 | BR0702183 | ||
| 003 | BR-BrBNA | ||
| 005 | 20240105123411.0 | ||
| 008 | 230509b bl.|||m| |||| 00| 0 por d | ||
| 040 |
_aBR-BrBNA _bpor _cBiblioteca Nacional de Agricultura |
||
| 072 | _aH60 | ||
| 090 | _a0336 BR0702183 | ||
| 100 | 1 | _aBarros, A.C. de | |
| 100 | 1 | _aPereira Filho, N.A. | |
| 110 | 1 | _aEmpresa Goiâna de Pesquisa Agropecuária, Goiania, GO (Brasil) | |
| 245 | 1 | _aControle do capim-custódio e do capim colchão por herbicidas pós-emergentes na cultura da soja | |
| 260 | 3 |
_aGoiânia, GO (Brasil): _c1995. |
|
| 300 | _a7 p. | ||
| 490 |
_aComunicado Técnico - Empresa Goiana de Pesquisa Agropecuária (Brazil) _vno. 51 _xISSN 0100-3658 |
||
| 650 | _aSOJA | ||
| 650 | _aCAPIM COLCHÃO | ||
| 650 | _aERVA DANINHA | ||
| 650 | _aHERBICIDA | ||
| 650 | _aADUBAÇÃO | ||
| 650 | _aPULVERIZADOR | ||
| 650 | _aFITOTOXICIDADE | ||
| 909 |
_a202312 _bLúcia Elande _c55 _dLúcia Elande |
||
| 942 |
_2AGRIS _n0 _cMS |
||
| 999 |
_c295275 _d295275 |
||